| 000 | 01259 a2200193 4500 | ||
|---|---|---|---|
| 003 | Nust | ||
| 005 | 20170207153538.0 | ||
| 010 | _a 2009924236 | ||
| 020 | _a0495667870 | ||
| 040 | _cNust | ||
| 082 | _a621.319 | ||
| 100 | 1 | _aGupta, B. R. | |
| 245 | 1 | 0 |
_aPower system analysis and design _cB. R. Gupta |
| 260 |
_aNew Delhi _bS. Chand _cc1998 |
||
| 300 |
_axvi,644 p. _bill, |
||
| 505 | _aPower Systems Network (Page-1), Line Parameters (Page-12), Performance of Transmission Lines (Page-47), Overhead Line Insulators (Page-122), Mechanical Design of Overhead Lines (Page-138), Corona (Page-160), Interference Between Power and Communications Lines (Page-172), Underground Cables (Page-180), Load Flow Studies (Page-209), Balanced and Unbalanced Faults (Page-269), Digital Techniques in Fault Calculations (Page-337), Power Systems Transients (Page-362), Power Systems Stability (Page-412), Extra High Voltage Transmission (Page-459), HVDC Transmission (Page-478), Distribution (Page-492), Design of Transmission Lines (Page-544), Power Systems Earthing (Page-554), Voltage Stability (Page-579), Reliability of Transmission and Distribution Systems (Page-601), | ||
| 538 | _aAlmirah No.31 Shelf No.3 | ||
| 650 | _aElectric power systems --Design and construction | ||
| 942 |
_2ddc _cBK |
||
| 999 |
_c188314 _d188314 |
||